Journal of the American Musicological Society
| Previous Title: | Bulletin of the American Musicological Society (Online) |
|---|---|
| Corporate Author: | |
| Format: | Electronic Journal |
| Language: | English |
| Published: |
Boston :
American Musicological Society,
1948-
Chicago, Ill. : University of Chicago Press Berkeley, Calif. : University of California Press |
| Subjects: | |
| Online Access: | Full text available from Research Library: 10/01/2001 to 10/31/2012 |
MARC
| LEADER | 00000nas a2200000 a 4500 | ||
|---|---|---|---|
| 001 | ssj0005379 | ||
| 003 | WaSeSS | ||
| 005 | 20200512172242.0 | ||
| 006 | m d | ||
| 007 | cr n | ||
| 008 | 021229c19489999ilutr pss o 0 a0eng c | ||
| 010 | |a 2003212573 | ||
| 016 | 7 | |a 2065884-9 |2 DE-600 | |
| 022 | |a 1547-3848 |l 0003-0139 |y 0003-0139 | ||
| 035 | |a (WaSeSS)ssj0005379 | ||
| 037 | |b American Musicological Society, 201 S. 34th St., Philadelphia, PA 19104 | ||
| 040 | |a HUA |b eng |c HUA |d OCLCQ |d EYM |d OCLCQ |d NSD |d OCLCQ |d HLS |d OCLCQ |d OCL |d MUQ |d NSD |d VRC |d OCLCQ |d DLC |d OCLCQ |d DLC |d OCLCF |d OCLCQ |d DEBBG |d GBT |d OCLCE |d SERSO |d GILDS |d OCLCO |d AU@ |d VT2 |d NJT |d WaSeSS | ||
| 042 | |a pcc |a nsdp | ||
| 050 | 1 | 4 | |a ML27.U5 |
| 082 | 1 | 0 | |a 780.5 |2 14 |
| 130 | 0 | |a Journal of the American Musicological Society (Online) | |
| 222 | 0 | |a Journal of the American Musicological Society |b (Online) | |
| 245 | 1 | 0 | |a Journal of the American Musicological Society |h [electronic resource]. |
| 260 | |3 1948-1996: |a Boston : |b American Musicological Society, |c 1948- | ||
| 260 | |3 1997-<2003>: |a Chicago, Ill. : |b University of Chicago Press | ||
| 260 | |3 <2004->: |a Berkeley, Calif. : |b University of California Press | ||
| 310 | |a Three no. a year | ||
| 362 | 0 | |a Vol. 1, no. 1 (spring 1948)- | |
| 500 | |a Title from title screen (JSTOR, viewed Oct. 8, 2003). | ||
| 500 | |a Place of publication varies. | ||
| 506 | |a License restrictions may limit access. | ||
| 588 | |a Latest issue consulted: Vol. 70, no. 2 (August 2017) (viewed publisher's website, Nov. 6, 2017). | ||
| 650 | 0 | |a Musicology |v Periodicals. | |
| 650 | 6 | |a Musicologie |v Périodiques. | |
| 650 | 7 | |a Musicology. |2 fast |0 (OCoLC)fst01030893 | |
| 650 | 1 | 7 | |a Muziekwetenschap. |2 gtt |
| 655 | 0 | |a Electronic journals. | |
| 710 | 2 | |a American Musicological Society. | |
| 776 | 0 | 8 | |i Print version: |t Journal of the American Musicological Society |x 0003-0139 |w (DLC) 50012713 |w (OCoLC)1480473 |
| 780 | 0 | 0 | |t Bulletin of the American Musicological Society (Online) |x 2328-9937 |w (DLC) 2004235611 |w (OCoLC)53164798 |
| 856 | 4 | 0 | |z Full text available from Research Library: 10/01/2001 to 10/31/2012 |u https://search.proquest.com/publication/3628 |